Estimació de la renda familiar disponible a les comarques i municipis de Catalunya 1991 / Jordi Arcarons i Bullich, Gemma García i Brosa, Martí Parellada i Sabata
Descripción Física:
80 p. ; 24 cm
Otros Autores:
García i Brosa, Gemma
,
Parellada i Sabata, Martí
,
Catalunya. Direcció General de Programació Econòmica i Serveis Generals
Materias:
Renda -- Catalunya -- Enquestes
MARC
| LEADER | 00000nam a2200000Ia 4500 | ||
|---|---|---|---|
| 001 | 10634 | ||
| 008 | 160829s1994 xx 000 0 cat d | ||
| 080 | |a M-2-364 | ||
| 100 | |a Arcarons, Jordi |9 23762 | ||
| 245 | |a Estimació de la renda familiar disponible a les comarques i municipis de Catalunya 1991 / Jordi Arcarons i Bullich, Gemma García i Brosa, Martí Parellada i Sabata | ||
| 260 | |a Barcelona : |b Generalitat de Catalunya. Direcció General de Programació Econòmica, |c 1994 | ||
| 300 | |a 80 p. ; |c 24 cm | ||
| 650 | |a Renda |x Catalunya |x Enquestes |9 23761 | ||
| 700 | |a García i Brosa, Gemma |9 26884 | ||
| 700 | |a Parellada i Sabata, Martí |9 27946 | ||
| 700 | |a Catalunya. Direcció General de Programació Econòmica i Serveis Generals |9 26886 | ||
| 901 | |a Arxiu | ||
| 942 | |n 1 | ||
| 952 | |0 0 |1 0 |4 0 |6 M2364 |7 1 |9 44191 |a Arxiu |b Arxiu |d 2016-12-01 |l 0 |o M-2-364 |p 10634 |r 2016-12-01 00:00:00 |w 2016-12-01 |y ARXIU | ||
| 999 | |c 46771 |d 46771 | ||